Prueba de Arizona - Estadísticas

Estadísticas generales
  • Esta prueba ha sido intentada 14 veces
  • La puntuación promedio es 13 de 19
Estadísticas de respuestas
Hint Respuesta % Correcto
Ruta más icónica del estado Ruta 66
100%
Famoso cañón Gran Cañón
91%
Estado estadounidense limítrofe al este Nuevo México
91%
Capital y ciudad más poblada Phoenix
91%
Planeta enano descubierto en 1930 en el Observatorio Lowell Plutón
91%
Río que fluye por el cañón Río Colorado
91%
Tipo de planta que es el saguaro Cactus
82%
Tribu cuya reserva es mayor que 10 estados Navajo
82%
Serpiente que hace sonido con su cola Serpiente de cascabel
73%
Tipo de tormenta que es el haboob Tormenta de arena
73%
Estados mexicanos limítrofes Baja California
64%
Estados mexicanos limítrofes Sonora
64%
Segunda ciudad más poblada Tucson
64%
Festival en medio del desierto donde se quema una escultura gigante de un hombre {Burning} Man
55%
Puente llevado desde la capital inglesa hasta Arizona Puente de {Londres}
55%
Tribu de Gerónimo Apache
45%
Parque nacional con árboles fosilizados Bosque {Petrificado}
45%
Elemento presente en el centro de la bandera estatal Estrella
45%
Lagarto "monstruo" venenoso típico del estado Monstruo de Gila
45%
No se encontraron pruebas coincidentes
Distribución de puntuación
Porcentaje de gente con cada puntuación
Porcentaje por número respondido
Historial de tus puntuaciones
No has intentado esta prueba.